Song to State - Click Quiz - Statistics

General Stats
  • This quiz has been taken 151 times
  • The average score is 9 of 12
Answer Stats
Hint Extra Hint Answer % Correct
Sweet home _______ / where the skies are so blue Lynyrd Skynyrd Alabama
98%
Welcome to the Hotel _______ / such a lovely place Eagles California
96%
_______, mountain mama / take me home, country roads John Denver West Virginia
86%
And the _______ Rocky Mountain high / I've seen it rainin' fire in the sky John Denver Colorado
85%
I don't have any reasons, I've left them all behind / I'm in a _______ state of mind Billy Joel New York
76%
The Devil went down to _______ / he was lookin' for a soul to steal The Charlie Daniels Band Georgia
75%
_______ queen / if you know what I mean Mountain Mississippi
69%
The stars at night are big and bright / deep in the heart of _______ Various Texas
63%
And I love _______ / but it's the season of the sticks Noah Kahan Vermont
62%
I wish that I was on ol’ Rocky Top / down in the _______ hills Osborne Brothers Tennessee
60%
The sun shines bright on my old _______ home / 'tis summer, and everyone's gay Stephen Foster Kentucky
58%
Night and you / and blue _______ Elvis Hawaii
57%
No matching quizzes found
Score Distribution
Percent of People with Each Score
Percentile by Number Answered
Your Score History
You have not taken this quiz